NFL Coach of the Years - Statistics

General Stats
  • This quiz has been taken 44 times
  • The average score is 35 of 65
Answer Stats
Hint Team Record Answer % Correct
2003 New England Patriots 14-2 Bill Belichick
100%
2007 New England Patriots 16-0 Bill Belichick
100%
2010 New England Patriots 14-2 Bill Belichick
100%
2019 Baltimore Ravens 14-2 John Harbaugh
95%
2011 San Francisco 49ers 13-3 Jim Harbaugh
93%
2002 Philadelphia Eagles 12-4 Andy Reid
90%
2017 Los Angeles Rams 11-5 Sean McVay
83%
2021 Tennessee Titans 12-5 Mike Vrabel
80%
2013 Carolina Panthers 13-3 Ron Rivera
76%
2015 Carolina Panthers 15-1 Ron Rivera
76%
2006 New Orleans Saints 10-6 Sean Payton
76%
1964 Baltimore Colts 12-2 Don Shula
73%
1968 Baltimore Colts 13-1 Don Shula
73%
1972 Miami Dolphins 14-0 Don Shula
73%
1967 Los Angeles Rams/Baltimore Colts 11-1-2 George Allen/Don Shula
73%
1985 Chicago Bears 15-1 Mike Ditka
71%
1988 Chicago Bears 12-4 Mike Ditka
71%
1986 New York Giants 14-2 Bill Parcells
66%
1994 New England Patriots 10-6 Bill Parcells
66%
1990 Dallas Cowboys 7-9 Jimmy Johnson
66%
1981 San Francisco 49ers 13-3 Bill Walsh
63%
2005 Chicago Bears 11-5 Lovie Smith
63%
2008 Atlanta Falcons 11-5 Mike Smith
63%
2016 Dallas Cowboys 13-3 Jason Garrett
61%
1982 Washington Redskins 8-1 Joe Gibbs
61%
1983 Washington Redskins 14-2 Joe Gibbs
61%
2020 Cleveland Browns 11-5 Kevin Stefanski
61%
2018 Chicago Bears 12-4 Matt Nagy
61%
1959 Green Bay Packers 7-5 Vince Lombardi
61%
1992 Pittsburgh Steelers 11-5 Bill Cowher
59%
1999 St. Louis Rams 13-3 Dick Vermeil
59%
2012 Indianapolis Colts 11-5 Bruce Arians
56%
2014 Arizona Cardinals 11-5 Bruce Arians
56%
2004 San Diego Chargers 12-4 Marty Schottenheimer
56%
2009 Cincinnati Bengals 10-6 Marvin Lewis
56%
1966 Dallas Cowboys 10-3-1 Tom Landry
56%
1963 Chicago Bears 11-1-2 George Halas
51%
1965 Chicago Bears 9-5 George Halas
51%
1969 Minnesota Vikings 12-2 Bud Grant
49%
1993 New York Giants 11-5 Dan Reeves
44%
1998 Atlanta Falcons 14-2 Dan Reeves
44%
1970 Cincinnati Bengals 8-6 Paul Brown
44%
1991 Detroit Lions 12-4 (how) Wayne Fontes
41%
1971 Washington Redskins 9-4-1 George Allen
39%
1997 New York Giants 10-5-1 Jim Fassel
39%
1958 Baltimore Colts 9-3 Weeb Ewbank
39%
1973 Los Angeles Rams 12-2 Chuck Knox
37%
1980 Buffalo Bills 11-5 Chuck Knox
37%
1984 Seattle Seahawks 12-4 Chuck Knox
37%
1976 Cleveland Browns 9-5 Forrest Gregg
34%
1977 Denver Broncos 12-2 Red Miller
34%
1996 Carolina Panthers 12-4 Dom Capers
32%
1987 New Orleans Saints 12-3 Jim Mora/Playoffs
29%
2001 Chicago Bears 13-3 Dick Jauron
27%
2000 New Orleans Saints 10-6 Jim Haslett
27%
1995 Philadelphia Eagles 10-6 Ray Rhodes
27%
1979 Washington Redskins 10-6 Jack Pardee
24%
1974 St. Louis Cardinals 10-4 Don Coryell
22%
1975 Baltimore Colts 10-4 Ted Marchibroda
22%
1989 Green Bay Packers 10-6 Lindy Infante
20%
1961 New York Giants 10-3-1 Allie Sherman
17%
1962 New York Giants 12-2 Allie Sherman
17%
1960 Philadelphia Eagles 10-2 Buck Shaw
15%
1957 Detroit Lions 8-4 George Wilson
15%
1978 Seattle Seahawks 9-7 Jack Patera
15%
No matching quizzes found
Score Distribution
Percent of People with Each Score
Percentile by Number Answered
Your Score History
You have not taken this quiz